Inside money, output, and causality
Korelácia medzi nominálnou peňažnou zásobou a reálnym výstupom (output). Konštrukcia rovnovážneho modelu korelácie peniaze/output, kde peňažná zásoba pozostáva z vnútorných aj vonkajších peňazí (vklady plus mena). Optimálna finančná politika.
Salvato in:
| Autore principale: | |
|---|---|
| Altri autori: | |
| Natura: | Capitolo di libro |
| Lingua: | inglese |
| Soggetti: | |
| Tags: |
Nessun Tag, puoi essere il primo ad aggiungerne!!
|
MARC
| LEADER | 00000naa a2200000 4500 | ||
|---|---|---|---|
| 001 | r000877 | ||
| 005 | 20221130101856.0 | ||
| 041 | 0 | |a eng | |
| 044 | |a US | ||
| 245 | 1 | 0 | |a Inside money, output, and causality |c S. Freeman, G.W. Huffman |
| 520 | |a Korelácia medzi nominálnou peňažnou zásobou a reálnym výstupom (output). Konštrukcia rovnovážneho modelu korelácie peniaze/output, kde peňažná zásoba pozostáva z vnútorných aj vonkajších peňazí (vklady plus mena). Optimálna finančná politika. | ||
| 610 | 2 | 0 | |a peniaze |
| 610 | 2 | 0 | |a výstupy |
| 610 | 2 | 0 | |a modely ekonomicko-matematické |
| 610 | 2 | 0 | |a politika finančná |
| 610 | 2 | 0 | |a zásoba peňažná |
| 100 | 1 | |a Freeman, S. | |
| 700 | 1 | |a Huffman, G.W. | |